|
|
|
|
| LEADER |
01652nam a2200409 i 4500 |
| 001 |
EBC5049665 |
| 003 |
MiAaPQ |
| 005 |
20200520144314.0 |
| 006 |
m o d | |
| 007 |
cr cnu|||||||| |
| 008 |
180213s2018 enk o 001 0 eng|d |
| 020 |
|
|
|z 9781787437821
|
| 020 |
|
|
|a 9781787437814 (e-book)
|
| 035 |
|
|
|a (MiAaPQ)EBC5049665
|
| 035 |
|
|
|a (Au-PeEL)EBL5049665
|
| 035 |
|
|
|a (CaPaEBR)ebr11505325
|
| 035 |
|
|
|a (OCoLC)1022786850
|
| 040 |
|
|
|a MiAaPQ
|b eng
|e rda
|e pn
|c MiAaPQ
|d MiAaPQ
|
| 050 |
|
4 |
|a PN1997
|b .C36 2018
|
| 082 |
0 |
|
|a 658.8
|2 23
|
| 100 |
1 |
|
|a Canalichio, Pete,
|e author.
|
| 245 |
1 |
0 |
|a Expand, grow, thrive :
|b 5 proven steps to turn good brands into global brands through the LASSO method /
|c by Pete Canalichio.
|
| 246 |
3 |
0 |
|a Expand, grow, thrive :
|b five proven steps to turn good brands into global brands through the LASSO method
|
| 250 |
|
|
|a First edition.
|
| 264 |
|
1 |
|a Bingley :
|b Emerald,
|c 2018.
|
| 300 |
|
|
|a 1 online resource (348 pages)
|
| 336 |
|
|
|a text
|2 rdacontent
|
| 337 |
|
|
|a computer
|2 rdamedia
|
| 338 |
|
|
|a online resource
|2 rdacarrier
|
| 500 |
|
|
|a Includes index.
|
| 588 |
|
|
|a Description based on online resource; title from PDF title page (ebrary, viewed February 13, 2018).
|
| 590 |
|
|
|a Electronic reproduction. Ann Arbor, MI : ProQuest, 2018. Available via World Wide Web. Access may be limited to ProQuest affiliated libraries.
|
| 650 |
|
0 |
|a International business enterprises
|x Management.
|
| 650 |
|
0 |
|a Branding (Marketing)
|
| 655 |
|
4 |
|a Electronic books.
|
| 797 |
2 |
|
|a ProQuest (Firm)
|
| 856 |
4 |
0 |
|u https://ebookcentral.proquest.com/lib/matrademy/detail.action?docID=5049665
|z Click to View
|